000
00279nam a22001097a 4500
008
150604t xxu||||| |||| 00| 0 eng d
020
_a
978-969-8535-21-6
100
_a
Dr Tughral Yamin
_9
992
245
_a
Cyberspace CBMs between pakistan and india
300
_a
275
942
_2
ddc
_c
BK
999
_c
17263
_d
17263